ជ្រើសរើសកំលាំងអូសទាញក្នុងវិស័យកសិកម្ម (Record no. 4148)

000 -LEADER
fixed length control field 00486nam a22001577a 4500
003 - CONTROL NUMBER IDENTIFIER
control field OSt
005 - DATE AND TIME OF LATEST TRANSACTION
control field 20151207135327.0
008 - FIXED-LENGTH DATA ELEMENTS--GENERAL INFORMATION
fixed length control field 151207b xxu||||| |||| 00| 0 eng d
040 ## - CATALOGING SOURCE
Transcribing agency RUA
082 ## - DEWEY DECIMAL CLASSIFICATION NUMBER
Classification number FIS ម៉ា 1991 B189 Or.1
100 ## - MAIN ENTRY--PERSONAL NAME
9 (RLIN) 4448
Personal name ម៉ា,​រឹត
245 ## - TITLE STATEMENT
Title ជ្រើសរើសកំលាំងអូសទាញក្នុងវិស័យកសិកម្ម
260 ## - PUBLICATION, DISTRIBUTION, ETC. (IMPRINT)
Place of publication, distribution, etc. Phnom Penh
Name of publisher, distributor, etc. RUA
Date of publication, distribution, etc. 1991
300 ## - PHYSICAL DESCRIPTION
Extent 53p.
Other physical details ill.
Dimensions 29cm.
942 ## - ADDED ENTRY ELEMENTS (KOHA)
Source of classification or shelving scheme
Koha item type ATM
Holdings
Price effective from Date last seen Permanent Location Not for loan Date acquired Source of classification or shelving scheme Koha item type Barcode Lost status Damaged status Withdrawn status Current Location Full call number
2015-12-072015-12-07Library Block B 2015-12-07 ATMRUA043096   Library Block BATM ម៉ា 1991 B189 Or.1
2015-12-072015-12-07Library Block B 2015-12-07 ATMRUA043262   Library Block BATM ម៉ា 1991 B189 Or.2
2015-12-072015-12-07Library Block B 2015-12-07 ATMRUA44556   Library Block BATM ម៉ា 1991 B189 Or.3
2015-12-072015-12-07Library Block B 2015-12-07 ATMRUA44246   Library Block BATM ម៉ា 1991 B189 Or.4
2015-12-072015-12-07Library Block B 2015-12-07 ATMRUA41045   Library Block BATM ម៉ា 1991 B189 Or.5
2015-12-072015-12-07Library Block B 2015-12-07 ATMRUA043052   Library Block BATM ម៉ា 1991 B189 Or.6
2015-12-072015-12-07Library Block B 2015-12-07 ATMRUA043324   Library Block BATM ម៉ា 1991 B189 Or.7
2015-12-072015-12-07Library Block B 2015-12-07 ATMRUA40834   Library Block BATM ម៉ា 1991 B189 Or.8
មជ្ឈមណ្ឌលឯការនៃសាកលវិទ្យាល័យភូមិន្ទកសិកម្មចំការដូង

Powered by Koha